Γυναίκα και μερική απασχόληση : σχέση (στ)οργής; : το παράδειγμα της Ρόδου μέσα από τις νέες θέσεις εργασίας του ΟΑΕΔ και οι ευρωπαϊκές εμπειρίες : διπλωματική εργασία [μεταπτυχιακή εργασία]
Saved in:
| Main Author: | |
|---|---|
| Corporate Author: | |
| Other Authors: | |
| Format: | Thesis Book |
| Language: | Greek |
| Published: |
2006
|
| Subjects: | |
| Online Access: | http://hdl.handle.net/11610/13945 |
| Tags: |
Add Tag
No Tags, Be the first to tag this record!
|
MARC
| LEADER | 00000cam a2200000 i 4500 | ||
|---|---|---|---|
| 001 | 1/42392 | ||
| 008 | 061017s2006 gre d | ||
| 035 | |l 10087332 | ||
| 040 | |a GR-MY-UA |b gre |e aacr | ||
| 041 | 0 | |a gre | |
| 082 | 0 | |a 305.43 |2 (22) | |
| 100 | 1 | |a Μιχαήλ, Ελευθέριος. | |
| 245 | 1 | 0 | |a Γυναίκα και μερική απασχόληση : |b σχέση (στ)οργής; : το παράδειγμα της Ρόδου μέσα από τις νέες θέσεις εργασίας του ΟΑΕΔ και οι ευρωπαϊκές εμπειρίες : διπλωματική εργασία [μεταπτυχιακή εργασία] / |c Ελευθέριος Μιχαήλ ; επιβλέπων: Γουβιάς Διονύσιος |
| 260 | |c 2006 | ||
| 300 | |a 94 σ.; |b σχεδιαγρ., πίν. ; |c 30 εκ. | ||
| 500 | |a Μέλη εξεταστικής επιτροπής: Φώκιαλη Πέρσα, Βιτσιλάκη Χρυσή | ||
| 502 | |a Διατριβή (μεταπτυχιακή) – Πανεπιστήμιο Αιγαίου, Ρόδος, 2006. | ||
| 504 | |a Βιβλιογραφία: σ. 80-86 | ||
| 650 | 0 | |a Women |x Legal status, laws, etc. |z Greece |z Rhodes (Island) | |
| 650 | 0 | |a Employment and employees |z Greece |z Rhodes (Island) | |
| 650 | 0 | |a Women |x Employment |z Greece |z Rhodes (Island) | |
| 650 | 0 | 0 | |a Dissertations, Academic |z Greece. |
| 700 | 1 | |4 ths |a Γουβιάς, Διονύσης Σ. | |
| 710 | 2 | |a Πανεπιστήμιο Αιγαίου. |b Σχολή Ανθρωπιστικών Επιστημών. |b Τμήμα Επιστημών της Προσχολικής Αγωγής και του Εκπαιδευτικού Σχεδιασμού. |b Πρόγραμμα Μεταπτυχιακών Σπουδών Φύλο και Νέα Εκπαιδευτικά και Εργασιακά Περιβάλλοντα στην Κοινωνία της Πληροφορίας. | |
| 852 | |a INST |b RHODES |c DIATR |e 20061017 |h 305.43 MIX |p 005400028952 |q 005400028952 |t MTXE |y 23 | ||
| 852 | |a INST |b RHODES |c DIATR |e 20061017 |h 305.43 MIX |p 005400037160 |q 005400037160 |t MTXE |y 23 | ||
| 856 | |u http://hdl.handle.net/11610/13945 | ||
| 901 | |a BIBL4-2007-1 | ||
| 909 | |a Ρ |b 126948 | ||
| 909 | |a Ρ |b 126949 | ||
| 924 | |a ΜΙΧΑΗΛ |b ΕΛΕΥΘΕΡΙΟΣ |y ΡΟΔΟΣ |z 2006-06 | ||
| 970 | |a ΜΙΣΣΟΣ |b ΣΤΑΥΡΟΣ |z 2007/03/15 | ||